Loading...
| Beliefs | 0 | 6 | 2 | 4 | 50 | 105 | 128.33 | 0 | 1 | 0.00 | 0.00 |
| Science - Other | 0 | 4 | 0 | 0 | 40 | 85 | 108.50 | 0 | 1 | 0.00 | 0.00 |
| History - European | 1 | 2 | 0 | 0 | 35 | 86 | 100.67 | 1 | 1 | 0.00 | 0.00 |
| History - Ancient | 0 | 3 | 0 | 0 | 30 | 95 | 120.00 | 0 | 1 | 0.00 | 0.00 |
| Philosophy | 0 | 3 | 1 | 2 | 25 | 110 | 130.33 | 1 | 1 | 0.00 | 0.00 |
| History - American | 0 | 3 | 1 | 1 | 25 | 91 | 104.00 | 0 | 1 | 0.00 | 0.00 |
| Social Science | 0 | 2 | 0 | 0 | 20 | 66 | 79.50 | 1 | 2 | 0.00 | 0.00 |
| Literature - World | 1 | 0 | 0 | 0 | 15 | 77 | 77.00 | 0 | 0 | 0.00 | 0.00 |
| Modern World | 0 | 1 | 0 | 0 | 10 | 108 | 108.00 | 0 | 0 | 0.00 | 0.00 |
| History - Other | 0 | 1 | 0 | 0 | 10 | 120 | 120.00 | 0 | 0 | 0.00 | 0.00 |
| History - World | 0 | 2 | 2 | 0 | 10 | 107 | 107.50 | 0 | 1 | 0.00 | 0.00 |
| Literature - European | 0 | 1 | 0 | 1 | 10 | 137 | 137.00 | 0 | 0 | 0.00 | 0.00 |
| Visual Arts | 0 | 1 | 1 | 0 | 5 | 124 | 124.00 | 0 | 0 | 0.00 | 0.00 |
| Fine Arts - Classical Music and Opera | 0 | 1 | 1 | 0 | 5 | 137 | 137.00 | 0 | 0 | 0.00 | 0.00 |
| Fine Arts - Other Arts | 0 | 1 | 1 | 0 | 5 | 122 | 122.00 | 0 | 0 | 0.00 | 0.00 |
| Science - Biology | 0 | 0 | 1 | 0 | -5 | 0.00 | 0 | 0 | 0.00 | 0.00 | |
| Literature - British | 0 | 0 | 1 | 0 | -5 | 0.00 | 0 | 0 | 0.00 | 0.00 |